| Tag |
First Indicator |
Second Indicator |
Subfields |
| LEADER |
00000cas a2200000 a 4500 |
| 001 |
in00000410053 |
| 005 |
20151012051858.0 |
| 007 |
he bmb025baca |
| 008 |
840807c19819999njuar br s0 0a0eng d |
| 022 |
|
|
|y 0275-1089
|
| 035 |
|
|
|a (OCoLC)11026714
|
| 035 |
|
|
|9 ABT7974AM
|
| 037 |
|
|
|b Louisiana Dept. of Commerce, P.O. Box 44185, Baton Rouge, LA 70804
|
| 040 |
|
|
|a ATT
|c ATT
|d TXA
|d UtOrBLW
|
| 043 |
|
|
|a n-us-la
|
| 049 |
|
|
|a TXAI
|
| 099 |
|
|
|a fiche
|a S
|a 780
|
| 245 |
0 |
0 |
|a Directory of Louisiana manufacturers.
|
| 264 |
|
1 |
|a Baton Rouge, La. :
|b Louisiana Dept. of Commerce,
|c [1981-]
|
| 264 |
|
4 |
|c ©1981-
|
| 300 |
|
|
|a volumes :
|b illustrations ;
|c 28 cm.
|
| 336 |
|
|
|a text
|b txt
|2 rdacontent
|
| 337 |
|
|
|a microform
|b h
|2 rdamedia
|
| 338 |
|
|
|a microfiche
|b he
|2 rdacarrier
|
| 362 |
0 |
|
|a 1981-
|
| 533 |
|
|
|a Microfiche.
|b Red Bank, N.J. :
|c Colt Microfiche,
|d 198 -
|e microfiches ; 11 x 15 cm.
|f (Colt microfiche library of state directories)
|
| 500 |
|
|
|a Microform.
|
| 651 |
|
0 |
|a Louisiana
|x Manufactures
|x Directories.
|
| 710 |
1 |
|
|a Louisiana.
|b Department of Commerce.
|
| 780 |
0 |
0 |
|t Louisiana directory of manufacturers
|x 0076-1028
|w (OCoLC)4934813
|
| 830 |
|
0 |
|a Colt microfiche library of state directories.
|
| 999 |
|
|
|a MARS
|
| 999 |
f |
f |
|s 525023f4-6a41-36bb-a753-68afcb6be5dc
|i 5de16f56-620d-38c4-98c8-b0884afc55bf
|t 0
|
| 952 |
f |
f |
|p default
|a Texas A&M University
|b College Station
|c Sterling C. Evans Library
|d Evans: Microforms (3rd floor)
|t 0
|e fiche S 780
|h Other scheme
|i microform -- microfiche
|
| 998 |
f |
f |
|a fiche S 780
|s 1984/1985
|t 0
|l Evans: Microforms (3rd floor)
|